000 00540nam a2200217Ia 4500
003 OSt
005 20230412143746.0
008 210423s2011 xx 000 0 und d
020 _a9789380618951
040 _cAL
041 _aeng
082 _a658.15 SINP
100 _aSINGH (Preeti).
_987120
245 _aFundamentals of financial management.
250 _a3
260 _aNew Delhi
_bAne Books
_c2011
300 _axviii,703
_bPB
365 _b395
_cINR
906 _afinancial ; Fundamentals ; management.
942 _2ddc
_cBK
999 _c159618
_d159618